Combats pour la culture, culture du combat (notice n° 8567)
[ vue normale ]
| 000 -Label | |
|---|---|
| leader | 01127cam a22002773 4500 |
| 010 ## - ISBN | |
| ISBN | 9791032003459 |
| 099 ## - Informations locales | |
| Type de document | Livre |
| 100 ## - Données générales de traitement | |
| a | 20220121d2021 m y0frey50 ba |
| 101 0# - Langue | |
| langue document | français |
| 102 ## - Pays d'édition ou de production | |
| pays d'édition | France |
| 200 1# - Titre | |
| titre propre | Combats pour la culture, culture du combat |
| type de document | Livre |
| sous-titre | Scènes artistiques et sociétés en mouvement dans le monde arabo-méditerranéen |
| auteur | Catherine Miller |
| auteur secondaire | Gilles Suzanne |
| -- | Yannick Butel |
| 210 ## - Editeur | |
| lieu de publication | France |
| nom de l'éditeur | Presses Universitaires de Provence |
| date de publication | 4è trimestre 2021 |
| 215 ## - Description | |
| Importance matérielle | 1 vol. (204 p.) |
| format | 23 cm |
| 300 ## - Note | |
| note | Notes bibliogr. |
| 461 #0 - niveau de l'ensemble | |
| numéro d'identification de la notice | 44372228 |
| titre | Incertains regards. Hors-série |
| ISSN | 2428-8543 |
| numéro de volume | (2021)hs 3 |
| 606 ## - sujets | |
| numéro de la notice d'autorité | 12507887 |
| sujet | Arts et politique |
| numéro de la notice d'autorité | 11931634 |
| subdiv. géo. | Pays arabes |
| koha internal code | 22731 |
| 606 ## - sujets | |
| numéro de la notice d'autorité | 13318618 |
| sujet | Politique culturelle |
| numéro de la notice d'autorité | 11932244 |
| subdiv. géo. | Liban |
| numéro de la notice d'autorité | 13536525 |
| subdiv. chrono. | 2000-.... |
| koha internal code | 22732 |
| 606 ## - sujets | |
| numéro de la notice d'autorité | 13162689 |
| sujet | Théâtre |
| numéro de la notice d'autorité | 11931634 |
| subdiv. géo. | Pays arabes |
| koha internal code | 22733 |
| 702 ## - Auteur secondaire | |
| numéro de la notice d'autorité | 14376906 |
| nom | Miller |
| prénom | Catherine |
| code de fonction | Éditeur scientifique |
| koha internal code | 380 |
| 702 ## - Auteur secondaire | |
| numéro de la notice d'autorité | 16673638 |
| nom | Suzanne |
| prénom | Gilles |
| code de fonction | Éditeur scientifique |
| koha internal code | 22734 |
| 702 ## - Auteur secondaire | |
| numéro de la notice d'autorité | 13602690 |
| nom | Butel |
| prénom | Yannick |
| code de fonction | Éditeur scientifique |
| koha internal code | 22735 |
| 801 #0 - source de catalogage | |
| pays | FR |
| agence de catalogage | FR-751131015 |
| date de la transaction | 20220121 |
| règles de catalogage utilisées | AFNOR |
| 801 #0 - source de catalogage | |
| pays | TN |
| agence de catalogage | 32 BIS |
| 830 ## - note | |
| catalogeur | MS |
| Propriétaire | Dépositaire | Localisation | Code barre | Numéro Inventaire | Cote | Note | Statut |
|---|---|---|---|---|---|---|---|
| The 32bis Library | The 32bis Library | Salle de lecture 32BIS | 006400 | 6325 | 709.1 MIL | RMR F484-C725 | Consultable sur place |